| 000 | 00525nam a2200169 4500 | ||
|---|---|---|---|
| 001 | 148322 | ||
| 003 | ES-MaACL | ||
| 005 | 20230906202544.0 | ||
| 007 | t| | ||
| 008 | 070214s1965 sp r ||||1| spa d | ||
| 100 | 1 |
_aStearns, Marshall W. _9107964 |
|
| 245 | 1 | 0 |
_aHistoria del jazz / _cMarshall W. Stearns ; traducción de Julio F. Yañez. |
| 260 |
_aBarcelona : _bAve, _c1965. |
||
| 300 |
_aXII, 282 p., 16 lám. : _bil. ; _c22 cm. |
||
| 700 | 1 |
_aFernández-Yáñez, Julio. _950195 |
|
| 852 |
_aES-MaACL _jC-28588 _bR.58029 |
||
| 999 |
_c148322 _d148322 |
||